| 000 | 00635nam a2200121Ia 4500 | ||
|---|---|---|---|
| 008 | 220615s9999||||xx |||||||||||||| ||und|| | ||
| 100 | _aThoen, Irma | ||
| 245 | 0 |
_aStrategic Affection? _bGift Exchange in Seventeenth-Century Holland |
|
| 546 | _aEnglish[eng] | ||
| 650 | _ageschiedenis||sociology||culture and history||sociologie||cultuur and geschiedenis||history, geography, and auxiliary disciplines | ||
| 856 | _uhttps://library.oapen.org/bitstream/20.500.12657/35186/1/340149.pdf||https://library.oapen.org/bitstream/20.500.12657/35186/1/340149.pdf||https://library.oapen.org/bitstream/20.500.12657/35186/1/340149.pdf | ||
| 942 | _cEB | ||
| 999 |
_c16388 _d16388 |
||